000 00239nam a2200109Ia 4500
008 240625s9999 xx 000 0 und d
041 _aeng
082 _a658 FER
100 _aFERNANDO A C
245 _aBUSINESS ENVIRONMENT
260 _c2011
999 _c38269
_d38269